00325nam a2200121Ia 4500008004100000041000800041082001700049100002200066245004500088260002700133300003100160365001200191240624s9999 xx 000 0 und d aeng a330.9593 TOW aTOWNSEND ROBERT M aFINANCIAL SYSTEMS IN DEVELOPING ECONOMIC c2011aNew YorkbOxford axxx, : 452 : p. : cm. ; 24 cGBPb50